Das Selbstzeugnis eines altägyptischen Künstlers. (Stele Louvre C 14) /

محفوظ في:

المؤلف الرئيسي: Barta, Winfried, 1928- (مؤلف)

مؤلف مشترك: Musée du Louvre. Département des antiquités égyptiennes.

التنسيق: كتاب

اللغة: German

منشور في: Berlin : B. Hessling, 1970.

سلاسل: Munchner Agyptologische Studien ; 22.
MAS ; 22.

الموضوعات:

الوسوم: إضافة وسم

لا توجد وسوم, كن أول من يضع وسما على هذه التسجيلة!

رقم الطلب: DT57 .M882 v.22

LEADER 00961namaa2200289 4500
001 9522
003 OSt
005 20241124131052.0
008 130303s1970 gw a 000 0 ger d
999 |c 13652  |d 13652 
010 |a 77566982 
040 |c ARCE Library 
050 4 |a DT57 .M882 v.22 
100 1 |a Barta, Winfried,  |d 1928-  |e author 
245 1 4 |a Das Selbstzeugnis eines altägyptischen Künstlers.   |b (Stele Louvre C 14) /   |c Winfried Barta. 
264 1 |a Berlin :  |b B. Hessling,  |c 1970. 
300 |a 176 pages :  |b illustrations ;  |c 24 cm. 
490 1 |a Munchner Agyptologische Studien ;   |v 22. 
490 1 |a MAS ;   |v 22. 
500 |a Münchener Universitätsschriften : Philosophische Fakultät. 
650 0 |a Self-portraits  |z Egypt. 
650 0 |a Stele (Archaeology) 
710 2 |a Musée du Louvre.  |b Département des antiquités égyptiennes. 
830 0 |a Munchner Agyptologische Studien ;   |v 22. 
830 0 |a MAS ;   |v 22. 
901 |a reviewed 
942 |c BK  |2 lcc